Statistiques concernant Disney paroles - Creuse encore et encore

Cliquez ici pour prendre le quiz!

Statistiques générales

  • Ce quiz a été pris 64 fois
    (53 depuis la dernière actualisation)
  • Le résultat moyen est 204 sur 309

Statistiques - réponses

Réponse% Correct
Creuse
93%
encore
93%
en
93%
encore
93%
encore.
93%
Il
93%
il
93%
de
90%
et
90%
à
86%
a
86%
faut
86%
la
86%
Ce
83%
ce
83%
creuser
83%
creuser.
83%
le
83%
peu
83%
Peu
83%
tu
83%
Tu
83%
un
83%
les
79%
te
79%
une
79%
ça
76%
Ca
76%
du
76%
pas
76%
que
76%
sa
76%
si
76%
toi,
76%
toi
76%
ne
72%
qui
72%
au
69%
es
69%
je
69%
Je
69%
L'argent
69%
l'argent
69%
Même
69%
même
69%
non
69%
Non !
69%
Pour
69%
tout
69%
va
69%
vie
69%
vie.
69%
vous
69%
as
66%
doigt
66%
mais
66%
Mais
66%
n'a
66%
papa
66%
son
66%
ton
66%
Ton
66%
ai
62%
bleu
62%
ciel
62%
Ciel
62%
craché.
62%
déjà
62%
fille,
62%
plus
62%
portrait
62%
profond
62%
profond.
62%
sera
62%
soleil
62%
tarte.
62%
t'es
62%
vraiment
62%
vu !
62%
vu.
62%
beurre
59%
brule
59%
chien
59%
cloporte
59%
dire
59%
doigts.
59%
famille
59%
importe
59%
importe.
59%
J'ai
59%
on
59%
On
59%
veux
59%
aimait
55%
bouc
55%
coeur.
55%
d'odeur
55%
ils
55%
porc
55%
adoriez.
52%
autre
52%
comprendras
52%
eu
52%
Grenouille,
52%
Mama
52%
n'importe
52%
Oui
52%
Quand
52%
quand,
52%
quand
52%
qu'il
52%
quoi
52%
rêve
52%
vache
52%
vais
52%
bonheur.
48%
fasse.
48%
garantis.
48%
Garantis
48%
meilleure.
48%
peut
48%
qu'ils
48%
qu'une
48%
savaient
48%
très
48%
trouver
48%
voulaient
48%
face.
45%
fois ?
45%
leur
45%
Miss
45%
sais
45%
s'il
45%
avoir
41%
bague
41%
chaque
41%
d'une
41%
faire
41%
fallait
41%
heureux
41%
jamais
41%
l'amour
41%
madame.
41%
mot ?
41%
nuages
41%
peur
41%
vise
41%
êtes
38%
haut.
38%
joie.
38%
long.
38%
pourra
38%
Puis-je
38%
Ouvrez
34%
Sans
34%
s'écartent.
34%
t'apportera
34%
T'étais
34%
bonne
31%
comprendrez
31%
dit
31%
fenêtres
31%
leçon.
31%
prendre
31%
saurez
31%
t'apprendre
31%
tête.
31%
trouveras
31%
J'leur
28%
lumière
28%
toutes
28%
cousi-cousa
24%
entrer
24%
laissez
24%
donc
3%
vouaient
3%

Distribution des résultats

Percentile par nombre de réponses

% des personnes avec chaque résultat

Votre développement - résultats

Vous n’avez pas pris ce quiz depuis la dernière actualisation